000 00416nam a2200181Ia 4500
005 20250423101545.0
008 250422s9999 xx 000 0 und d
020 _a9780495082507
050 _aTE 145 .G37/
100 _aGarber, N.J.
245 0 _aTraffic and highway engineering
250 _a4th ed.
260 _aCanada
260 _bCengage Learning
260 _c2009
300 _a1230 p
942 _cBK
999 _c36631
_d36631